Introduction to economic geography: Globalization, uneven development and place (2nd ed) (Record no. 47707)
[ view plain ]
| 000 -LEADER | |
|---|---|
| fixed length control field | 00743nam a2200193 a 4500 |
| 008 - FIXED-LENGTH DATA ELEMENTS--GENERAL INFORMATION | |
| fixed length control field | 160518s2011 ||||||||||||||||| || u |
| 020 ## - INTERNATIONAL STANDARD BOOK NUMBER | |
| International Standard Book Number | 9780273727279 |
| 050 ## - LIBRARY OF CONGRESS CALL NUMBER | |
| Classification number | HF 1027 Mac |
| 100 ## - MAIN ENTRY--PERSONAL NAME | |
| Personal name | Mackinnon, Danny |
| 245 10 - TITLE STATEMENT | |
| Title | Introduction to economic geography: Globalization, uneven development and place (2nd ed) |
| Statement of responsibility, etc. | By Danny Mackinnon and Andrew Cumbers |
| 250 ## - EDITION STATEMENT | |
| Edition statement | 2nd ed. |
| 260 ## - PUBLICATION, DISTRIBUTION, ETC. | |
| Place of publication, distribution, etc. | Harlow |
| Name of publisher, distributor, etc. | Pearson Education Limited |
| Date of publication, distribution, etc. | 2011 |
| 300 ## - PHYSICAL DESCRIPTION | |
| Extent | xvi, 334p.: ill. |
| 350 ## - PRICE (NR) (BK AM CF MU VM SE) [OBSOLETE] | |
| Price | 62.95 |
| 650 #0 - SUBJECT ADDED ENTRY--TOPICAL TERM | |
| Topical term or geographic name entry element | GLOBALIZATION |
| 650 #0 - SUBJECT ADDED ENTRY--TOPICAL TERM | |
| Topical term or geographic name entry element | ECONOMIC GEOGRAPHY |
| 700 ## - ADDED ENTRY--PERSONAL NAME | |
| Personal name | Cumbers, Andrew |
| 995 ## - RECOMMENDATION 995 [LOCAL, UNIMARC FRANCE] | |
| -- | CBU-MAIN LIBRARY (Kitwe) |
| -- | 62.95 |
| -- | 1 |
| -- | AVAILABLE |
| -- | Jun 29, 2016 |
| -- | Main Library Open Access Collection |
| Withdrawn status | Lost status | Source of classification or shelving scheme | Damaged status | Not for loan | Home library | Current library | Shelving location | Date acquired | Total Checkouts | Full call number | Barcode | Date last seen | Price effective from | Koha item type |
|---|---|---|---|---|---|---|---|---|---|---|---|---|---|---|
| CBU-MAIN LIBRARY, KITWE. | CBU-MAIN LIBRARY, KITWE. | 11/30/2022 | HF 1027 Mac | 745939 | 11/30/2022 | 11/30/2022 | MONOGRAPH |